Tombeau de Pennout a Aniba.

محفوظ في:

مؤلف مشترك: Markaz, Tasjīl al-Āthār al-Miṣrīyah

التنسيق: كتاب

اللغة: French

الموضوعات:

الوسوم: إضافة وسم

لا توجد وسوم, كن أول من يضع وسما على هذه التسجيلة!

رقم الطلب: ( P )DT62 .T6 M23 1963

LEADER 01109namaa2200265 4500
001 17937
003 OSt
005 20201115090523.0
008 130303q1963 ua g 000 0 fre d
952 |0 0  |1 0  |2 lcc  |4 0  |7 1  |9 7629  |a ARCE  |b ARCE  |d 2020-11-15  |l 0  |o ( P )DT62 .T6 M23 1963  |p 1020921  |r 2020-11-15 00:00:00  |w 2020-11-15  |y BK 
999 |c 15742  |d 15742 
040 |c ARCE Library 
043 |a f-ua--- 
050 0 4 |a ( P )DT62 .T6 M23 1963 
110 2 |6 880-01  |a Markaz, Tasjīl al-Āthār al-Miṣrīyah, 
245 1 0 |a Tombeau de Pennout a Aniba. 
264 1 |a [Le Caire :  |b Centre de documentation égyptologique,   |c 1963?] 
300 |a 22 pages ;  |c 29 cm. 
336 |a text  |b txt  |2 rdacontent 
337 |a unmediated  |b n  |2 rdamedia 
338 |a volume  |b nc  |2 rdacarrier 
650 0 |a Tombs  |z Egypt. 
880 2 |6 110-01/(3/r  |a مركز تسجيل الآثار المصرية.‪‪‪‪‪‪‪‪‪‪‪‪‪‪‪‪‪‪‪‪‪‪‪‪‪‪‪‪‪‪‪‪‪‪‪‪‪‪‪‪‪‪‪‪‪‪‪‪‪‪‪‪‪‪‪‪‪‪‪‪‪‪‪‪‪‪‪‪‪‪‪ 
901 |a reviewed 
942 |c BK  |2 lcc